Statistics for The countries of Asia

Click here to take the quiz!

General Stats

  • This quiz has been taken 16 times
  • The average score is 44 of 49

Answer Stats

Answer% Correct
Azerbaijan
100%
India
100%
Malaysia
100%
Afghanistan
93%
Armenia
93%
Bahrain
93%
Bangladesh
93%
China
93%
Georgia
93%
Indonesia
93%
Iran
93%
Iraq
93%
Japan
93%
Jordan
93%
Kuwait
93%
Kyrgyzstan
93%
Lebanon
93%
Maldives
93%
Mongolia
93%
Myanmar
93%
Nepal
93%
North Korea
93%
Pakistan
93%
Qatar
93%
Saudi Arabia
93%
South Korea
93%
Bhutan
86%
Brunei
86%
Cambodia
86%
Israel
86%
Kazakhstan
86%
Laos
86%
Oman
86%
Philippines
86%
Russia
86%
Singapore
86%
Syria
86%
Turkey
86%
United Arab Emirates
86%
Vietnam
86%
Yemen
86%
Cyprus
79%
East Timor
79%
Sri Lanka
79%
Taiwan
79%
Tajikistan
79%
Thailand
79%
Turkmenistan
79%
Uzbekistan
79%

Score Distribution

Percentile by Number Answered

Percent of People with Each Score

Your Score History

You have not taken this quiz